|
|
|
|
| LEADER |
00000nam0a2200000 4500 |
| 001 |
77707 |
| 005 |
20231101212940.0 |
| 010 |
|
|
|a 5020337595
|
| 035 |
|
|
|a (RuTPU)RU\TPU\book\83309
|
| 090 |
|
|
|a 77707
|
| 100 |
|
|
|a 20050526d2005 k y0rusy50 ca
|
| 101 |
0 |
|
|a rus
|
| 102 |
|
|
|a RU
|
| 105 |
|
|
|a a z 001zy
|
| 200 |
1 |
|
|a Бореальный экотон и географическая зональность
|e атлас-монография
|f Э. Г. Коломыц
|g Российская академия наук; Институт экологии Волжского бассейна
|
| 210 |
|
|
|a Москва
|c Наука
|d 2005
|
| 215 |
|
|
|a 390 с.
|c ил.
|
| 320 |
|
|
|a Библиогр.: с. 372-379
|
| 320 |
|
|
|a Предметный указатель: с. 387-388
|
| 330 |
|
|
|a Рассматриваются проблемы географической зональности и биогеографических экотонов в свете глобальных воздействий человека на климат, выдвигаются положения теории полиморфизма ландшафтно-зональных систем. На примере бореального экотона Волжского бассейна излагается опыт аналитического и картографического прогнозного моделирования региональных сценариев и их палеогеографических аналогов. В Атласе представлено более 200 ЭВМ-карт, отображающих ландшафтно-геофизические условия региона в настоящем, прошлом и будущем, а также динамику ландшафтно-зональных систем. Дается оценка возможных экологических последствий предстоящего глобального потепления. Для специалистов в области ландшафтной экологии, геоэкологического моделирования и экологического прогнозирования.
|
| 610 |
1 |
|
|a географическая зональность
|
| 610 |
1 |
|
|a бореальные экотоны
|
| 610 |
1 |
|
|a ландшафты
|
| 610 |
1 |
|
|a Россия
|
| 610 |
1 |
|
|a ландшафтно-геофизические условия
|
| 610 |
1 |
|
|a прогнозы
|
| 610 |
1 |
|
|a 21 век
|
| 610 |
1 |
|
|a ландшафтно-экологическое картографирование
|
| 610 |
1 |
|
|a ландшафтно-зональные системы
|
| 610 |
1 |
|
|a полиморфизм
|
| 610 |
1 |
|
|a палеопрогнозное картографирование
|
| 610 |
1 |
|
|a палеогеографические реконструкции
|
| 610 |
1 |
|
|a ландшафтно-экологические прогнозы
|
| 610 |
1 |
|
|a ландшафтно-зональные прогнозы
|
| 675 |
|
|
|a 911.5
|v 3
|
| 675 |
|
|
|a 504.5
|v 3
|
| 700 |
|
1 |
|a Коломыц
|b Э. Г.
|g Эрланд Георгиевич
|
| 712 |
0 |
2 |
|a Российская академия наук
|b Институт фундаментальных проблем биологии
|2 stltpush
|3 (RuTPU)RU\TPU\col\6802
|9 24272
|
| 712 |
0 |
2 |
|a Академия наук СССР (АН СССР)
|b Институт экологии Волжского бассейна (ИЭВБ)
|c (Тольятти)
|2 stltpush
|3 (RuTPU)RU\TPU\col\15422
|
| 801 |
|
1 |
|a RU
|b 63413507
|c 20050526
|g PSBO
|
| 801 |
|
2 |
|a RU
|b 63413507
|c 20150224
|g PSBO
|
| 942 |
|
|
|c BK
|